Cashless Transaction/ (Record no. 206649)

MARC details
000 -LEADER
fixed length control field 00602nam a22001937a 4500
005 - DATE AND TIME OF LATEST TRANSACTION
control field 20241023154518.0
010 ## - LCCN (DPL NO)
LC control number ENG-142304
020 ## - INTERNATIONAL STANDARD BOOK NUMBER
Terms of availability 1895.00
International Standard Book Number 9788195221004
035 ## - SYSTEM CONTROL NUMBER
System control number EN-125836
037 ## - SOURCE OF ACQUISITION
Source of stock number/acquisition DBAD
082 ## - DEWEY DECIMAL CLASSIFICATION NUMBER
Classification number 332
Edition number 1
100 ## - MAIN ENTRY--PERSONAL NAME
Personal name Patil, P.B
245 ## - TITLE STATEMENT
Title Cashless Transaction/
Statement of responsibility, etc By P.B Patil
250 ## - EDITION STATEMENT
Edition statement 1
260 ## - PUBLICATION, DISTRIBUTION, ETC. (IMPRINT)
Place of publication, distribution, etc Jaipur
Name of publisher, distributor, etc Apex Publication
Date of publication, distribution, etc 2021
270 ## - ADDRESS
City Jaipur
Address 118, Chitragupt Nagar First, Imali Phatak Lalkothi, Gandhi Nagar
Postal code 302015
Electronic mail address apexpublicationjpr@gmail.com
Telephone number 7891981213
300 ## - PHYSICAL DESCRIPTION
Extent 321p.
Dimensions 24cm(hb)
942 ## - ADDED ENTRY ELEMENTS (KOHA)
Source of classification or shelving scheme Dewey Decimal Classification
Item type English Books
Classification part 332
Call number suffix PAT
Edition 1
Holdings
Withdrawn status Lost status Not for loan Collection code Home library Current library Date acquired Source of acquisition Cost, normal purchase price Full call number Barcode Copy number Cost, replacement price Koha item type
      Non-fiction Bawana Bawana 23/10/2024 Delivery of Books Act Division 1895.00 332 PAT EN-125836 1 1895.00 English Books

© Delhi Public Library
Hit Counter
free hit counter